1826 1165 1312 1916 1114 1701 1022 1444 1639 1325 1003 1241 1278 1034 1899 1318 1589 1767 1520 1605 1626 1415 1195 1954 1960 1119 1294 1948 1583 1380 1566 1205 1181 1056 1654 1335 1968 1929 1610 1997 1162 1532 1476 1028 1461 1540 1106 1182 1717 1990 1900 1651 1074 1029 1463 1253 1141 1081 1264 1676 1519 1754 1962 1914 1174 1048 1227 1942 1279 1986 1998 1366 1023 1757 1558 1013 1649 1703 1703 1289 1520 1952 1037 1048 1865 1057 1272 1001 1872 1583 1191 1506 1363 1451 1826 1943 1078 1093 1788 BCNSPRNW ULIB Ver.6.0+V

เปลี่ยนเป็นภาษาไทย

Change to English
 แสดงรายละเอียดบรรณานุกรม
  กลับหน้าหลัก

Brief Record : Get Marc (ISO 2709) : E-mail record : QR code < ปิดหน้าต่าง
LEADER : 00000nam 2200000uu 4500
001    13399111648
003     ULIB
008    110704s||||||||th 000 0 tha d
020    9741321767
060 04 QV38^bค111ภ 2545
245 00 เภสัชวิทยา /^cบรรณาธิการ, คณาจารย์ ภาควิชาเภสัชวิทยาคณะแพทยศาสตร์ จุฬาลงกรณ์มหาวิทยาลัย
250    พิมพ์ครั้งที่ 4 (ฉบับปรับปรุงใหม่, 2545)
260    กรุงเทพฯ :^bโรงพิมพ์แห่งจุฬาลงกรณ์มหาวิทยาลัย,^c2545
300    [7], 443 หน้า :^bภาพประกอบ ;^c30 ซม.
650  4 เภสัชวิทยา
700 2  คณาจารย์ภาควิชาเภสัชวิทยา,^eบรรณาธิการ
710 2  จุฬาลงกรณ์มหาวิทยาลัย. ^bคณะแพทยศาสตร์.^bภาควิชาเภสัชวิทยา
945    ^p350^l0^i11972
945    ^p350^l0^i11969
995    กัณชพร
999 ^a ใช้งานได้ทุกระบบ
รายการนี้ยังไม่มีแท็ก
คุณยังไม่ได้ล็อกอิน คุณสามารถมีกิจกรรมร่วมกับเว็บไซต์ได้ แต่ต้องล็อกอินก่อน ::
  ล็อกอิน

รายการสื่อสารสนเทศ

ลำดับที่ ประเภท เลขเรียก/บาร์โค้ด สถานที่ สถานะ
- ไม่พบข้อมูล -

รายการใกล้เคียง
    หัวเรื่อง [เภสัชวิทยา]

BibComment


ยังไม่เคยถูกคอมเมนท์

คอมเมนท์ทรัพยากรรายการนี้
  คอมเมนท์: เภสัชวิทยา บรรณา..


 Copyright 2026. Bcnsprnw @Library